京王井の頭線 駅埋め - Statistics

General Stats
  • This quiz has been taken 24 times
  • The average score is 13 of 17
Answer Stats
Hint Answer % Correct
渋谷区 渋谷
100%
武蔵野市 吉祥寺
96%
世田谷区 明大前
91%
世田谷区 下北沢
91%
杉並区 永福町
83%
目黒区 駒場東大前
83%
渋谷区 神泉
83%
三鷹市 三鷹台
78%
杉並区 久我山
78%
杉並区 西永福
78%
三鷹市 井の頭公園
74%
世田谷区 東松原
65%
世田谷区 新代田
65%
杉並区 高井戸
61%
世田谷区 池ノ上
61%
杉並区 富士見ヶ丘
57%
杉並区 浜田山
52%
No matching quizzes found
Score Distribution
Percent of People with Each Score
Percentile by Number Answered
Your Score History
You have not taken this quiz